| 000 | 00658nam a22002417a 4500 | ||
|---|---|---|---|
| 001 | 94431 | ||
| 003 | UA-OsUOA | ||
| 005 | 20240531124414.0 | ||
| 007 | ta | ||
| 008 | 20130211b un ||||| |||| 00| 0 ukr d | ||
| 020 | _a9789665185901 | ||
| 040 |
_aUA-OsUOA _bukr _cUA-OsUOA _dUA-OsUOA |
||
| 041 | _aukr | ||
| 080 | _a821.161.2 | ||
| 090 |
_a821.161.2 _bЧ-47 |
||
| 100 |
_aЧерінь Г. _93058 |
||
| 245 |
_aЛисти до Лицаря. 1946–1949 _cГанна Черінь |
||
| 260 |
_aК. _bКМА _c2012 |
||
| 300 | _a103 с. | ||
| 650 | 7 |
_a82 Література. Літературознавство _2UDC _915 |
|
| 942 |
_cBK _2udc |
||
| 955 | _a3 | ||
| 999 |
_c380683 _d380683 |
||